[Event "SRB-chT 2nd League West"]
[Site "Kragujevac"]
[Date "2019.10.03"]
[Round "6.5"]
[White "Strakos, Dalibor"]
[Black "Vizlina, Branisa"]
[Result "1/2-1/2"]
[WhiteElo "2185"]
[BlackElo "1994"]
[PlyCount "100"]
[EventDate "2019.09.06"]
[EventType "team-tourn"]
[EventRounds "11"]
[EventCountry "SRB"]
[SourceTitle "EXT 2020"]
[Source "ChessBase"]
[SourceDate "2019.10.17"]
[SourceVersion "1"]
[SourceVersionDate "2019.10.17"]
[SourceQuality "1"]
[WhiteTeam "Smederevo"]
[BlackTeam "Prijepolje Priko"]
[WhiteTeamCountry "SRB"]
[BlackTeamCountry "SRB"]

1. d4 Nf6 2. Nf3 g6 3. Bf4 Bg7 4. c3 d6 5. h3 0-0 6. e3 a6 7. Qb3 b5 8. a4 Be6 9. Qc2 bxa4 10. Rxa4 c5 11. Bd3 Qb6 12. Nbd2 Nc6 13. 0-0 cxd4 14. exd4 Nd5 15. Bg5 Rfc8 16. Bc4 Bf5 17. Qb3 Qxb3 18. Bxb3 Nb6 19. Ra2 h6 20. Be3 d5 21. Rfa1 Bd3 22. Ne1 Be2 23. Bf4 g5 24. Bg3 f5 25. f4 e6 26. fxg5 hxg5 27. Bd6 Bh6 28. Kf2 Bb5 29. g4 Kg7 30. Bc2 Kg6 31. Nd3 Nxd4 32. Bb1 Nc6 33. Nc5 Nd8 34. Nxa6 Nc4 35. Nxc4 Bxc4 36. Ra3 Nf7 37. Bb4 Kf6 38. Nc5 Rxa3 39. Rxa3 Ne5 40. gxf5 exf5 41. b3 Bf8 42. bxc4 Bxc5+ 43. Bxc5 Rxc5 44. Ra6+ Ke7 45. cxd5 Rxd5 46. Bxf5 Rc5 47. Ke2 Kd8 48. Ke3 Nf7 49. Be6 Rxc3+ 50. Kd4 Rc7 1/2-1/2

[Event "SRB-chT2 West"]
[Site "Arandjelovac"]
[Date "2018.09.09"]
[Round "5.3"]
[White "Strakos, Dalibor"]
[Black "Jakovljevic, Ljubomir"]
[Result "1/2-1/2"]
[WhiteElo "2193"]
[BlackElo "1905"]
[PlyCount "23"]
[EventDate "2018.09.07"]
[EventType "team-tourn"]
[EventRounds "11"]
[EventCountry "SRB"]
[SourceTitle "EXT 2021"]
[Source "ChessBase"]
[SourceDate "2020.10.23"]
[SourceVersion "1"]
[SourceVersionDate "2020.10.23"]
[SourceQuality "1"]
[WhiteTeam "Smederevo"]
[BlackTeam "Lipnicki Sor Sloga"]
[WhiteTeamCountry "SRB"]
[BlackTeamCountry "SRB"]

1. g3 e6 2. f4 c6 3. Bg2 Bc5 4. Nf3 Ne7 5. e3 d5 6. 0-0 0-0 7. d3 Nd7 8. Nbd2 Bxe3+ 9. Kh1 Bb6 10. Nb3 Nc5 11. Bd2 Ng6 12. Qe2 1/2-1/2

[Event "SRB-chT3 North CS"]
[Site "Serbia"]
[Date "2017.10.13"]
[Round "7.5"]
[White "Vlahovic, Nebojsa"]
[Black "Strakos, Dalibor"]
[Result "0-1"]
[WhiteElo "1988"]
[BlackElo "2167"]
[PlyCount "52"]
[EventDate "2017.09.03"]
[EventType "team-tourn"]
[EventRounds "11"]
[EventCountry "SRB"]
[SourceTitle "EXT 2021"]
[Source "ChessBase"]
[SourceDate "2020.10.23"]
[SourceVersion "1"]
[SourceVersionDate "2020.10.23"]
[SourceQuality "1"]

1. Nf3 c6 2. g3 d5 3. d4 Nf6 4. Bg2 Bf5 5. 0-0 e6 6. a4 Nbd7 7. Nbd2 h6 8. c4 Be7 9. a5 0-0 10. Qa4 Qc7 11. Nb3 b5 12. cxb5 cxb5 13. Qa2 a6 14. Bf4 Qb7 15. Rfc1 Rac8 16. Ne5 Nxe5 17. Bxe5 Nd7 18. Bf4 Rc4 19. Be3 Ra4 20. Qxa4 bxa4 21. Nc5 Nxc5 22. dxc5 Qb5 23. Bd4 Rc8 24. Bf1 Qc6 25. Ra3 Rb8 26. f4 Bg6 0-1